00486 2200181 4500001002100000005001500021008004100036020002200077035001900099041000700118082001000125090001600135100001700151245004000168260003700208300002000245650003900265INLIS00000000001647220241224115130241224||||||||| | ||| |||| || |  a978-979-015-282-3 0010-1224016472 aid0 a551.4 a551.4 LLA a0 aPENNY CLARKE00aAda Apa du Bumi?Kehidupan di Tundra aJakartabErlangga For Kidsc2007 a32hlm;23x22,5cm 0ailmu ilmu pengetahuan tentang bumi